มุมมองปกติ
มุมมองแบบ MARC
- Kaur, Harpreet
รายการ Personal Name
001 - CONTROL NUMBER
- control field: 29426
003 - CONTROL NUMBER IDENTIFIER
- control field: NALT
005 - DATE AND TIME OF LATEST TRANSACTION
- control field: 20221125135400.0
008 - FIXED-LENGTH DATA ELEMENTS
- fixed length control field: 180710|| aca||aabn | a|a d
040 ## - CATALOGING SOURCE
- Original cataloging agency: NALT
100 1# - HEADING--PERSONAL NAME
- Personal name: Kaur, Harpreet
